[Event "EU-ch (Women) 20th"]
[Site "Antalya"]
[Date "2019.04.18"]
[Round "7"]
[White "Cramling, Pia"]
[Black "Beydullayeva, Govhar"]
[Result "1-0"]
[WhiteElo "2460"]
[BlackElo "2316"]
[Annotator "Cramling,P"]
[PlyCount "118"]
[EventDate "2019.04.11"]
[EventType "swiss"]
[EventRounds "11"]
[EventCountry "TUR"]
[SourceTitle "CBM 190"]
[Source "ChessBase"]
[SourceDate "2019.06.30"]
[SourceVersion "1"]
[SourceVersionDate "2019.06.30"]
[SourceQuality "1"]

{This game was played in the 7th round and it was very important to win to
keep on having a chance for one of the spots for the World Cup. This was also
the day when Juan, my longtime life partner, arrived in Antalya. For the first
time since 2003(!) where I was very happy with my result, he joined me in a
Woman Inidvidual European Championship, and his presence in the last five
rounds did help!} 1. c4 c6 2. d4 d5 3. Nf3 Nf6 4. e3 e6 5. Bd3 dxc4 6. Bxc4 a6
7. Qe2 c5 {Finally we reach a normal Queen's Gambit Accepted after an unsual
sequence of moves.} 8. dxc5 Bxc5 9. O-O Nc6 10. Rd1 (10. e4 {is the main line
but I preferred to sidestep it and play without pushing the e-pawn.}) 10... Qc7
({Maybe} 10... Qe7 {is more logical here. On c7 the queen will later on be
attacked on the open c-file by a rook and that gives White an extra tempo. If
my plan was to play e4 the queen is very good on c7 with Ng4 coming attacking
both h2 and f2, but as I have played Rd1 and left the guard of f2 it is clear
that my plan for a long time will not include e4.}) 11. Nbd2 (11. a3 {is what
most players chose here to quickly open the diagonal a1-h8 for the bishop.
Curiously my opponent had this position more than once, but with the white
pieces.}) 11... e5 $2 (11... O-O {was normal and what I expected Black to play
before deciding on how to develop her queenside. I was happy to see the move
e5 on the board as it weakens the white diagonal and the square d5. Now my
Nbd2 move becomes very useful.}) 12. Ng5 {Natural and strong.} O-O 13. Nde4
Nxe4 14. Nxe4 Be7 15. Bd2 {This is fine too although I am not sure why I did
not choose the more normal way to play.} (15. Nc3 {heading for d5 with a small
edge.}) 15... b5 16. Bd5 $6 {I am not so happy with this move as the knight
would become a stronger piece on d5 than the bishop.} (16. Bb3 {looks more
natural. The bishop is strong on the diagonal and safer here than on d5, as we
will see soon.}) 16... Bb7 17. Rac1 Rad8 18. Be1 (18. Bb3 {was better but
difficult to choose when one just has put the bishop on d5.}) 18... Qb6 ({
Black good have equalized with} 18... Rxd5 $1 19. Rxd5 Nd4 {During the game I
was not worried about this position as I believed that my pawn up was more
important than the bishop pair. After} 20. exd4 Qxc1 21. Rxe5 {the engine gives
} Qc7 {and Black is fine. My pieces are not very welll coordinating. The rook
on e5 is akwardly placed and Black has good compensation.}) 19. Bb3 Rxd1 $6 (
19... Na5 {was better right away.}) 20. Rxd1 Na5 {[#] Now with the control of
the d-line I have a way to force matters and take the initiative.} ({I think
my opponent planned} 20... Rd8 {but realized that the kingside becomes too
weak after} 21. Qh5 g6 22. Qf3 {and there is nothing else than to return with
Rf8.}) 21. Bxa5 $1 Qxa5 22. Rd7 Bxe4 23. Rxe7 Bb1 {To keep the e-pawn.} 24. a3
e4 25. Qd1 {I wanted to keep my position safe and preferred to play this way
so Black could not use the d-line for her queen. But now I force the bishop
back to a more active square.} ({If} 25. h3 {directly I was worried that Black
could get counterplay activating her queen.} Qd8 {but} 26. Ra7 $1 {is the
right way:} (26. Rb7 g6 {giving the king some air and after} 27. Qg4 Qd3 {
Black has enough counterplay.}) 26... Qb6 27. Rd7 Qc6 28. Qg4 $1 {with a big
advantage. This following line show the problems Black has with her king
position and weakness on the back rank:} g6 29. Bd5 Qc1+ 30. Kh2 Qxb2 31. Qf4
Qg7 32. Bxf7+ $1 Rxf7 33. Qb8+ {wins} Qf8 34. Rd8) 25... Bd3 26. h3 $2 {
Not the best. First I needed to activate my queen:} (26. Qc1 {directly was
strong as well as}) (26. Rb7 Qd8 27. Qc1) 26... Qd8 $1 27. Rb7 (27. Ra7 Qb6 28.
Rd7 Qc6 29. Rd4 {was preferable and would had avoided giving Black the chance
to go to a rook endgame, though at this moment I had no plan to leave the 7th
rank so easily.}) 27... Qf6 (27... Bc4 $1 {was a better chance changing my
active pieces. Here White has to try} 28. Rd7 $1 ({The rook endgame after} 28.
Qxd8 Rxd8 29. Bxc4 bxc4 30. Rc7 Rd1+ 31. Kh2 f5 {is not enough. The positions
is more or less equal.} 32. g4 (32. Rxc4 Rd2 33. Kg3 Rxb2 34. Rc6 f4+ 35. Kxf4
Rxf2+ 36. Kxe4 Rxg2 37. Rxa6 Rg3) 32... Rd2 33. Kg3 fxg4 34. hxg4 Rc2 $1 {
Black has enough counterplay.} ({but not} 34... Rxb2 $2 35. Rxc4 Rb3 36. Ra4
Rb6 37. Rxe4)) {The point is that after} 28... Bxb3 29. Rxd8 Bxd1 30. Rxd1 {
White gets a more active rook than Black:} Rc8 31. b4 h5 32. Rd6 {and White is
better.}) 28. Qc1 Kh8 $2 {A losing move.} (28... g6 {was the natural move to
avoid mate problems on the back rank although after} 29. Rd7 {White keeps on
putting pressure.} Qf5 {To stop White from playing f4.} (29... Be2 30. Bd5 Bd3
31. b4 {and I have improved my position.}) ({or} 29... Kg7 30. f4 {and White
is doing well.}) 30. Qc6 a5 31. Qd6 {White's pieces dominate the position.})
29. Qc5 Rg8 ({It was too late to return with} 29... Kg8 {. White wins:} 30.
Rxf7 $1) 30. Bxf7 Rd8 31. Qe7 ({I guess I went to the endgame because I do
like playing them! But it would have been preferable to keep the queens on
board when Black is so weak on the back rank.} 31. Qc7 {threatening Rb8 was
much stronger. There is no good defence.} h6 (31... Rf8 32. Rb8 Qxf7 33. Qxf7
Rxb8 34. Qa7 {and White wins.}) (31... g6 32. Be6 {would be even quicker.}) 32.
Rb8 {is hopeless.}) 31... Qxe7 32. Rxe7 g6 33. b4 Kg7 34. Bb3+ Kh6 35. h4 Rc8
36. g4 Bc4 (36... g5 $1 {was a better try setting out a trap:} 37. Be6 {
is fine for White} ({but the tempting} 37. Re6+ $2 {is what black is hoping for
} Kg7 {and now} 38. hxg5 $2 {does not win anymore due to} Bc4 $1 {and the rook
endgame with a passed c-pawn is fine for Black, while after} 39. Re7+ Kf8 $1
40. Rxh7 Bxb3 41. Rh8+ {Black has the saving} Bg8) 37... Rc1+ 38. Kh2 $1 Rf1
39. Kg2 Ra1 40. Bf5 {and White wins.}) 37. Bd1 {Threatening mate in 1!} (37.
g5+ {was also possible:} Kh5 38. Rxh7+ Kg4 39. Bd1+ Kh3 40. h5 Kh4 $1 41. hxg6+
Kxg5 42. Re7) 37... g5 38. hxg5+ Kxg5 39. Rxe4 Bd3 40. Rd4 Rc3 41. Kh2 Rxa3 42.
Rd6 $2 (42. Kg3 {was better activating my king and avoiding any kind of
counterchances.}) 42... Bg6 (42... Kh4 $1 {stops White from achieving all she
wants.} 43. Kg2 (43. Rh6+ Kg5 44. Rh5+ Kf6 45. Rd5 {but here my rook is worse
than on d6 where it kept an eye on pawn a6.}) 43... Be4+ (43... Bg6 44. Kf3)
44. Bf3 Bg6 45. Rd4 {White is winning but the active black king makes it more
difficult than in the game.}) 43. Kg3 {Finally all my pieces are well placed.}
Kh6 44. Bc2 {I could not stop myself from going into an rook endgame. It was
the 3rd game in a row with a rook endgame with an extra pawn. In the other two
games there was not enough to make more than a draw but finally I had a rook
endgame that was winning!} Ra2 45. Bxg6 hxg6 46. f4 Ra3 {[#]} ({Or} 46... Kg7
47. Kh4 Re2 48. Kg5) 47. f5 Rxe3+ 48. Kf4 Rb3 49. Rxg6+ Kh7 50. Rxa6 Rxb4+ 51.
Kg5 Rc4 52. Ra7+ Kg8 53. Rb7 b4 54. f6 b3 55. Rxb3 Rc7 56. Rh3 Ra7 57. Kf5 Ra4
58. g5 Ra7 59. Rb3 Ra8 {and Black resigned at the same time.} 1-0

[Event "ITA-chT32nd"]
[Site "Castel Lagopesole"]
[Date "2000.02.27"]
[Round "?"]
[White "Delchev, Aleksander"]
[Black "Lazarev, Vladimir"]
[Result "*"]
[WhiteElo "2560"]
[BlackElo "2490"]
[Annotator "Delchev/Kostakiev"]
[PlyCount "37"]
[EventDate "2000.05.13"]
[EventType "team-tourn"]
[EventRounds "9"]
[EventCountry "ITA"]
[SourceTitle "EXT 2002"]
[Source "ChessBase"]
[SourceDate "2001.11.25"]
[SourceVersion "1"]
[SourceVersionDate "2001.11.25"]
[SourceQuality "1"]

1. d4 d5 2. Nf3 Nf6 3. c4 dxc4 4. e3 e6 5. Bxc4 c5 6. O-O a6 7. Bb3 $1 Nc6 8.
Nc3 b5 $6 (8... cxd4 9. exd4 Be7) 9. Qe2 $1 Be7 (9... cxd4 10. Rd1 $36) 10.
dxc5 Bxc5 11. e4 e5 $6 $146 (11... Bb7 12. e5 Nd7 13. Ne4 $40) (11... b4 12. e5
bxc3 13. exf6 gxf6 14. Qc4 {1-0 Euwe,M-Alekhine,A/NLD 1937/MainBase (41)}) (
11... Nd7 12. e5 O-O 13. Ne4 {1-0 Kowalski,S-Tears,C/corr CCLA 1976 (32)}) (
11... Qc7 12. e5 Nd7 13. Bf4 O-O 14. Rac1 Bb7 15. Rfd1 (15. Ne4 Be7 16. Rfd1
Rad8 {1-0 Goossens,E-Van Damme,H/Antwerp 1998/EXT 99 (37)}) 15... Rad8 16. Bg5
Rde8 {1-0 Neckel-Bachmann/corr DDR 1986 (27)}) (11... O-O 12. Rd1 Bd7 13. Bg5 {
1-0 Taylor,M-Stepp,F/cr inter 1997 (22)}) 12. Bd5 $1 $16 Nd4 (12... Nxd5 13.
exd5 Ne7 14. Qxe5 O-O 15. Rd1 $16) 13. Nxd4 Nxd5 14. Ndxb5 $1 Nf6 15. Qc4 Qe7
16. Be3 axb5 17. Qxc5 Bd7 18. Rfd1 Rc8 19. Qa7 $18 (19. Qxe7+ Kxe7 20. Bg5 $18)
*

[Event "Barcelona"]
[Site "Barcelona"]
[Date "1992.05.??"]
[Round "5"]
[White "Lautier, Joel"]
[Black "Dorfman, Josif D"]
[Result "0-1"]
[WhiteElo "2580"]
[BlackElo "2605"]
[Annotator "Dorfman,J"]
[PlyCount "68"]
[EventDate "1992.05.??"]
[EventType "tourn"]
[EventRounds "11"]
[EventCountry "ESP"]
[EventCategory "13"]
[SourceTitle "CBM 030"]
[Source "ChessBase"]
[SourceDate "1992.10.01"]
[SourceVersion "1"]
[SourceVersionDate "1992.10.01"]
[SourceQuality "1"]

1. Nf3 {Anand} d5 2. d4 Nf6 3. c4 dxc4 4. e3 e6 5. Bxc4 c5 6. Qe2 a6 7. dxc5
Bxc5 8. O-O Nc6 9. Nbd2 O-O (9... b5 10. Bd3 Bb7 11. Nb3 Bd6 12. Bd2 $14) 10.
a3 Nd5 (10... b5 {Anand} 11. Bd3 Bb7 12. b4 Be7 13. Bb2 $14 {/\ Nd2-e4,
Nd2-b3-c5}) 11. Ne4 (11. b4 $2 Nc3 (11... Be7 {Anand} 12. Bb2 Bf6 13. Bxf6 $14)
(11... Qf6 $2 12. Ne4 Qxa1 13. Bb2 $18) 12. Qe1 (12. Qd3 Qxd3 13. Bxd3 Be7 14.
Bb2 Na4 $15) 12... Be7 $15) 11... Be7 12. b4 (12. Rd1 Qa5 13. Bd2 Qb6) 12... b5
13. Bd3 (13. Bb3 a5 (13... Bb7 {Anand} 14. Bb2) 14. Qxb5 Bd7 15. bxa5 (15. Bxd5
Nxb4 16. Qxd7 Qxd7 17. Bxa8 Na6 18. Ne5 Qb5 19. Nc6 Rxa8 20. Nxe7+ Kf8 21. a4
Qe5 $19) 15... Nxa5 16. Qd3) 13... f5 14. Ng3 (14. Nc5 Ncxb4 (14... Ndxb4 {
Anand} 15. axb4 Nxb4 $17) 15. axb4 Nxb4 16. Rd1 Bxc5 17. Bxf5 Qe7 18. Be4 Bb7
$15) 14... Bf6 15. Bb2 Bxb2 16. Qxb2 Nxe3 17. Bxb5 axb5 18. fxe3 Qf6 (18... Qb6
19. Rae1 f4 20. Nh5 Ra7 $15) 19. Qb3 (19. Qxf6 {Anand} Rxf6 20. Rfc1 Bb7 $10)
19... Kh8 20. Rad1 Ne5 21. Ne4 Nxf3+ 22. Rxf3 Qe7 23. Nc5 e5 24. Rf2 f4 25.
exf4 (25. Rdf1 $1) 25... exf4 26. Rdf1 Qe5 27. Qd3 (27. Nd3 Qd4) (27. g3 Bh3
28. gxf4 Qh5) 27... h6 28. Re2 Qg5 29. Qc3 Ra7 30. Kh1 (30. Re5 Rxa3 $19) 30...
Raf7 31. Ref2 Bg4 32. h3 $2 (32. Ne4 $1 $15 {/\Se4-d2}) (32. Qd2 $10 {Anand})
32... f3 33. hxg4 (33. gxf3 {Anand} Bxh3 34. Rg1 Qh5 $19) 33... Qh4+ 34. Kg1
fxg2 0-1

[Event "EU-chT (Men) 21st"]
[Site "Heraklion"]
[Date "2017.11.01"]
[Round "5.1"]
[White "Mamedyarov, Shakhriyar"]
[Black "Navara, David"]
[Result "1-0"]
[WhiteElo "2791"]
[BlackElo "2726"]
[Annotator "Fernandez,D"]
[PlyCount "73"]
[EventDate "2017.10.28"]
[EventType "team-swiss"]
[EventRounds "9"]
[EventCountry "GRE"]
[SourceTitle "CBM 182"]
[Source "ChessBase"]
[SourceDate "2018.01.17"]
[SourceVersion "1"]
[SourceVersionDate "2018.01.17"]
[SourceQuality "1"]
[WhiteTeam "Azerbaijan"]
[BlackTeam "Czech Republic"]
[WhiteTeamCountry "AZE"]
[BlackTeamCountry "CZE"]
[WhiteClock "0:05:57"]
[BlackClock "0:01:26"]

{A second hack, this time of... our hero from last time.} 1. d4 d5 2. c4 dxc4
3. e3 Nf6 4. Bxc4 e6 5. Nf3 c5 6. O-O a6 7. Qe2 b5 8. Bd3 cxd4 9. Rd1 (9. exd4
{is most played but White was in gambit mode!}) 9... Be7 10. a4 bxa4 11. Rxa4 (
11. Nxd4 {is given as +/= by the engine, but all sensible humans know that
White's b-pawn is just as bad as Black's a6-pawn, so there is a strong chance
of play petering out.}) 11... dxe3 (11... Nc6 {would have been a conservative
reaction, in keeping with the last note.} 12. Nxd4 Nb4 13. Bb5+ Bd7 $11) 12.
Bxe3 Nbd7 13. Nc3 O-O 14. Bg5 Bb7 (14... Qb6 {was called for.}) 15. Rd4 $5 (15.
Ne5 $5 {The tactical weakness of the d-file might begin to be an issue here;
presumably White saw this but decided he didn't want to take the
queen-for-stuff trade and didn't see an alternative. Black now has to play} h6
16. Be4 $1 {Not obvious unless you are looking for a trick.} (16. Bxf6 {
White can take the queen if he likes but after} Nxf6 17. Bh7+ Kxh7 18. Rxd8
Raxd8 {he may not even be better.}) 16... Nxe4 17. Bxe7 Nxc3 18. bxc3 Qxe7 19.
Rxd7 Qe8 $1 20. Rf4 Rb8 21. h4 $14 {Black is in trouble.}) 15... Bxf3 $5 (15...
Qe8 {avoids making concessions.}) 16. Qxf3 Ne5 17. Qe3 Qb8 18. Bf4 {Suddenly
Black finds himself being tied up, though he still has a route to equality:}
Neg4 $6 (18... Nfg4 19. Qe2 Bc5 20. Rc4 $5 (20. Bc4 Bxd4 21. Rxd4 Rc8 $11)
20... Ba7 21. Bg3 Nxf2 22. Bxf2 Bxf2+ 23. Qxf2 Nxc4 24. Bxc4 Qb4 {with dynamic
balance.}) 19. Qe2 e5 20. Bg3 h5 21. Nd5 {If not for this move, Black's 18th
could be best. But now he is slightly worse again.} Re8 22. h3 $1 (22. Nxe7+
Rxe7 23. Rd6 e4 {risks getting bogged down in tricks.}) 22... h4 23. Nxf6+ (23.
Rxg4 {is also tempting but all else being equal we would like to keep our
bishops in the rapidly opening position.}) 23... Bxf6 24. Qe4 g6 25. Bc4 $1 {
Threatening Qxg6 so that Black can't take any of his pieces.} Kg7 26. Rd7 Re7
27. Bxh4 Bxh4 28. Qxg4 Bf6 (28... Qc8 $1 $16 {may have been the best
last-ditch defence, holding the position together by a thread.}) 29. R7d6 Rc7 (
29... Raa7 {was a more natural 7th rank defence, but after} 30. Rd8 $1 Qxb2 31.
Rg8+ $3 {Black is again toast.}) 30. Qf3 Bh4 31. Rd7 {Now the 7th rank
collapses and Black is finished.} Rxd7 32. Rxd7 Qb4 33. Qxf7+ Kh6 34. Qh7+ Kg5
35. f4+ Kf5 36. Qf7+ Ke4 37. Qxg6+ {An absolute demolition job! This attack
was so crisp, I might even have considered letting White play mate on the
board.} 1-0

[Event "Interpolis"]
[Site "Tilburg"]
[Date "1992.10.09"]
[Round "1.2"]
[White "Lputian, Smbat G"]
[Black "Wolff, Patrick G"]
[Result "1/2-1/2"]
[WhiteElo "2585"]
[BlackElo "2590"]
[Annotator "Ftacnik,L"]
[PlyCount "136"]
[EventDate "1992.10.08"]
[EventType "k.o."]
[EventRounds "7"]
[EventCountry "NED"]
[SourceTitle "CBM 032"]
[Source "ChessBase"]
[SourceDate "1993.02.01"]
[SourceVersion "1"]
[SourceVersionDate "1993.02.01"]
[SourceQuality "1"]

1. d4 d5 2. c4 dxc4 3. e3 Nf6 4. Bxc4 e6 5. Nf3 c5 6. Qe2 a6 7. dxc5 Bxc5 8.
O-O b5 9. Bd3 Nc6 10. Rd1 Qc7 11. Nbd2 Bb7 12. Nb3 Bd6 13. Bd2 O-O 14. Rac1 Qe7
15. Bc3 e5 $1 16. Ng5 $2 (16. e4 $10) 16... b4 $1 17. Be1 e4 $1 18. Bb1 (18.
Nxe4 Nxe4 19. Bxe4 Qxe4 20. Rxd6 Nd4 21. Qf1 Ne2+ (21... Nf3+ $19) 22. Kh1 Nxc1
$19) 18... Bxh2+ 19. Kxh2 Qe5+ 20. Kg1 Qxg5 21. f4 (21. Nc5 Ne5 $1 22. Nxb7
Nf3+ 23. Kf1 Qh5 24. Qc4 Ng4 25. Qxe4 Ngh2+ 26. Ke2 Ng1+ (26... Ng5+ $1 27. g4
Nxg4 28. Qxb4 Rab8 $40) 27. Kd3 Qe2+ 28. Kd4 $13) 21... exf3 22. Qxf3 Na5 $1
23. Qg3 Qxg3 24. Bxg3 Nxb3 25. axb3 Bd5 $6 (25... Rfe8 $1 $17) 26. Be5 $1 Bxb3
27. Rd4 Rfc8 $4 (27... a5 $1 28. Bxf6 gxf6 29. Rg4+ Kh8 30. Rh4 Rfc8 $17) 28.
Rxc8+ $1 Rxc8 29. Rxb4 Nd7 30. Bf5 $1 Be6 31. Bxe6 fxe6 32. Bc3 e5 33. Ra4 Rc6
34. Ra5 e4 35. Rg5 g6 36. Rd5 Nf8 (36... Nf6 $142 37. Bxf6 Rxf6 38. Re5 Rb6 39.
Rxe4 Rxb2 40. Re7 $15) 37. Rd8 Kf7 38. Bb4 Ne6 39. Rd7+ Kg8 40. Bc3 h5 41. Kh2
Kf8 42. Kh3 Ke8 43. Rd5 Ke7 44. Kh4 Kf7 45. Rd7+ Ke8 46. Rb7 Rd6 47. Rb4 Rd3
48. Rxe4 Kd7 49. Kg3 Rd5 50. Rb4 Kc7 51. Ra4 Nc5 52. Rc4 Kd7 53. e4 Rg5+ 54.
Kf3 Ne6 55. Ra4 Rg4 $2 (55... h4 $1 56. Rxa6 (56. Be1 Rh5 57. Rxa6 h3 $10)
56... Rg3+ 57. Kf2 Nf4 $132) 56. Bd2 Nc5 57. Rd4+ Kc6 58. Be3 $1 Ne6 59. Rd5
Kc7 60. Re5 Kd7 61. Ra5 Nd8 62. Rd5+ Ke8 63. g3 Nc6 64. Bd2 Ke7 65. Bf4 a5 66.
Bc7 a4 67. Bf4 Ke8 68. Rd6 Na5 {...} 1/2-1/2

[Event "Alushta"]
[Site "Alushta"]
[Date "1993.??.??"]
[Round "?"]
[White "Gleizerov, Evgeny"]
[Black "Savchenko, Stanislav"]
[Result "1/2-1/2"]
[WhiteElo "2555"]
[BlackElo "2535"]
[Annotator "Ftacnik,L"]
[PlyCount "64"]
[EventDate "1993.??.??"]
[EventType "tourn"]
[EventRounds "9"]
[EventCountry "UKR"]
[EventCategory "10"]
[SourceTitle "CBM 036"]
[Source "ChessBase"]
[SourceDate "1993.10.01"]
[SourceVersion "1"]
[SourceVersionDate "1993.10.01"]
[SourceQuality "1"]

1. d4 d5 2. c4 dxc4 3. e3 Nf6 4. Bxc4 e6 5. Nf3 a6 6. Qe2 c5 7. dxc5 Bxc5 8.
O-O Nc6 9. e4 Qc7 10. e5 Ng4 (10... Nd7 11. Bf4 b5 (11... Nd4 12. Nxd4 Bxd4 13.
Rc1 (13. Rd1 Bc5 (13... Bxb2 14. Qxb2 Qxc4 15. Rd4 Qb5 16. Qd2 O-O 17. Na3 Qc5
18. Nc4 f6 19. Rc1 Qe7 20. exf6 Qxf6 21. Bg5 Qg6 22. Rxd7 Bxd7 23. Ne5 Qf5 24.
Nxd7 $16 {Wolff,P-Rachels,S/USA-ch (06)/1992/1-0 (46)}) 14. Nc3 b5 15. Bb3 Bb7
16. Ne4 Bxe4 17. Qxe4 O-O 18. Rac1 Rac8 19. Be3 Rfd8 20. Kf1 Qb6 21. Rxd7 Rxd7
22. Rxc5 Rxc5 23. Qa8+ Rd8 24. Bxc5 $13 {Ruban,V-Magem Badals,J/Santa Clara 
(03)/1991/0-1 (36)}) 13... O-O 14. Bd3 Qb6 15. Nd2 Nc5 16. Nc4 Qa7 17. Bc2 f6
18. exf6 Rxf6 19. Be3 Bxe3 20. Qxe3 b6 21. b4 Nd7 22. Nd6 Bb7 23. Nxb7 {
1-0/Topalov,V-Santo Roman,M/Las Palmas (04)/1991/1-0 (23)}) 12. Bb3 Be7 13.
Nbd2 Nc5 14. Ne4 Nxe4 15. Qxe4 Bb7 16. Rac1 Rc8 17. Rc3 Qb8 18. Rfc1 Na7 19.
Qe2 O-O 20. Ng5 Bxg5 21. Bxg5 Nc6 22. Re1 Nd4 23. Qg4 Rxc3 24. bxc3 $13 {
Dlugy,M-Lev/London (3)/1987/0.5 (28)}) 11. Bf4 f6 12. Nbd2 Ngxe5 (12... O-O 13.
Rac1 Ba7 14. Bg3 f5 15. Bf4 Bd7 16. h3 Nh6 17. Be3 Bxe3 18. Qxe3 Nf7 19. Rfe1
Rad8 20. Nb3 Bc8 21. Nbd4 Nxd4 22. Nxd4 Qe7 23. Bb3 f4 24. Qxf4 $16 {Semkov,
S-Sapi,L/Forli op/1988/1-0 (32)}) 13. Nxe5 fxe5 14. Bg3 O-O 15. Rac1 (15. Nf3
Nd4 16. Nxd4 Bxd4 17. Rac1 Qa5 18. Rce1 Qc5 19. Bd3 Bd7 20. Bxe5 Bxe5 21. Qxe5
Qxe5 22. Rxe5 Rac8 23. Be4 Bc6 24. Rxe6 $14 {Stohl,I-Mikhalchishin,A/Dortmund
op-A (08)/1992/0.5 (35)}) 15... Qe7 16. Nf3 (16. Bd3 Bd7 17. Nf3 Bd4 18. Nxe5
Nxe5 19. Bxe5 Bxe5 20. Qxe5 Bc6 21. Rce1 Rae8 22. Re3 Qf6 23. Qxf6 gxf6 24. Bc4
$10 {Nogueiras,J-Seirawan,Y/Montpellier ct/1985/0.5 (33)}) 16... Nd4 17. Nxd4
exd4 18. Qe4 Bd7 19. Qxb7 (19. Be5 Bc6 20. Qg4 Ba7 $13 (20... Bd5 $2 21. Bxd5
exd5 22. Bxg7 Qxg7 23. Qxg7+ Kxg7 24. Rxc5 $16)) 19... Kh8 20. Qe4 (20. Be5 Bd6
$13) 20... Bb5 21. Be5 Rad8 22. Bxb5 axb5 23. Bxg7+ Qxg7 (23... Kxg7 24. Qe5+
Qf6 25. Qxf6+ Rxf6 26. Rxc5 $16) 24. Rxc5 d3 25. Rd1 $6 (25. Rxb5 d2 26. Rd1
Rd4 27. Qxe6 Rfd8 28. Rc5 $16) 25... Qxb2 26. Qe5+ Qxe5 27. Rxe5 Rc8 28. f3 (
28. Rxe6 Rc2 29. f3 Ra8 30. Rxd3 Raxa2 $10) 28... Rc2 29. Rxd3 Rg8 30. g3 Ra8
31. Rg5 h6 32. Rg4 Raxa2 (32... Raxa2 33. Rd8+ Kh7 34. Rd7+ $10) 1/2-1/2